| 000 | 00528cam a2200157 4500500 | ||
|---|---|---|---|
| 005 | 20260201094955.0 | ||
| 041 | _afre | ||
| 042 | _adc | ||
| 100 | 1 | 0 |
_aCalvez, Jean-Yves _eauthor |
| 245 | 0 | 0 | _aNote de lecture |
| 260 | _c2005. | ||
| 500 | _a77 | ||
| 520 | _aResumé Dieu et l’Europe. Jean Boissonnat. Desclée de Brouwer, 2005, 178p., 19,50 Euros | ||
| 786 | 0 | _nRevue Projet | 289 | 6 | 2005-06-01 | p. 47-49 | 0033-0884 | |
| 856 | 4 | 1 | _uhttps://shs.cairn.info/revue-projet-2005-6-page-47?lang=fr&redirect-ssocas=7080 |
| 999 |
_c1640808 _d1640808 |
||